[Event "FICGS class C 000279 email"]
[Site "FICGS email"]
[Date "2020.03.28"]
[Round "1"]
[White "D Ottavio, Aldo"]
[Black "Wilson, Jaimie"]
[Result "0-1"]
[WhiteElo "1716"]
[BlackElo "1901"]
[PlyCount "60"]
[EventDate "2020.??.??"]
[EventType "tourn (corr)"]
[EventRounds "4"]
[SourceTitle "Corr 2022"]
[Source "ChessBase"]
[SourceDate "2021.10.24"]
[SourceVersion "1"]
[SourceVersionDate "2021.10.24"]
[SourceQuality "1"]

1. e4 c5 2. Nf3 e6 3. d4 cxd4 4. Nxd4 Nc6 5. Nc3 Qc7 6. Be3 a6 7. Qd2 Nf6 8. 0-0-0 Bb4 9. a3 Be7 10. Be2 b5 11. f3 h5 12. Kb1 Bb7 13. h3 h4 14. Nxc6 Bxc6 15. Bd3 d5 16. exd5 Nxd5 17. Nxd5 Bxd5 18. Bd4 0-0 19. Rhe1 Bd6 20. Qg5 f5 21. Rh1 e5 22. Be3 Be7 23. Qh5 Be6 24. Bg5 Rab8 25. Qxh4 Bxg5 26. Qxg5 b4 27. g4 bxa3 28. b3 Qc3 29. Qc1 Rxb3+ 30. cxb3 a2+ 0-1

[Event "FICGS class C 000279 email"]
[Site "FICGS email"]
[Date "2020.03.28"]
[Round "1"]
[White "Vollmer, Steve"]
[Black "Wilson, Jaimie"]
[Result "0-1"]
[WhiteElo "1676"]
[BlackElo "1901"]
[PlyCount "112"]
[EventDate "2020.??.??"]
[EventType "tourn (corr)"]
[EventRounds "4"]
[SourceTitle "Corr 2022"]
[Source "ChessBase"]
[SourceDate "2021.10.24"]
[SourceVersion "1"]
[SourceVersionDate "2021.10.24"]
[SourceQuality "1"]

1. e4 c5 2. Nf3 e6 3. c4 Nc6 4. d4 cxd4 5. Nxd4 Nf6 6. Nc3 Bb4 7. Nxc6 bxc6 8. Bd3 e5 9. 0-0 h6 10. Bd2 0-0 11. a3 Bc5 12. b4 Be7 13. c5 d6 14. cxd6 Qxd6 15. Be3 Be6 16. Bc5 Qc7 17. Bxe7 Qxe7 18. Na4 Nd7 19. Ba6 c5 20. bxc5 Nxc5 21. Nxc5 Qxc5 22. Qe2 Rab8 23. Bd3 Rfc8 24. Rfe1 Rb3 25. a4 a5 26. Bb5 Rc3 27. Rad1 Bc4 28. Bxc4 Qxc4 29. Qxc4 R3xc4 30. Rd5 R8c5 31. Rxc5 Rxc5 32. f3 f6 33. Kf2 Rc4 34. Ra1 Kf7 35. Ra2 Ke6 36. Ke3 Kd6 37. g3 Kc5 38. Kd3 Rd4+ 39. Kc3 h5 40. h4 Rd1 41. Rb2 Rf1 42. Rb5+ Kc6 43. Rxa5 Rxf3+ 44. Kb4 Re3 45. Rc5+ Kd6 46. Rd5+ Ke6 47. a5 Rxe4+ 48. Kc5 Ra4 49. Kc6 e4 50. Rd6+ Kf5 51. Rd5+ Kg4 52. Kb5 Ra1 53. Rd4 f5 54. Rd7 e3 55. Rxg7+ Kf3 56. a6 e2 0-1

[Event "FICGS W-ch st1 g01 email"]
[Site "FICGS email"]
[Date "2019.07.01"]
[Round "1"]
[White "Guralivu, Paul"]
[Black "Wilson, Jaimie"]
[Result "1/2-1/2"]
[WhiteElo "1869"]
[BlackElo "1866"]
[PlyCount "33"]
[EventDate "2019.??.??"]
[EventType "tourn (corr)"]
[EventRounds "8"]
[SourceTitle "Corr 2022"]
[Source "ChessBase"]
[SourceDate "2021.10.24"]
[SourceVersion "1"]
[SourceVersionDate "2021.10.24"]
[SourceQuality "1"]

1. d4 Nf6 2. c4 e6 3. Nc3 Bb4 4. Qc2 d5 5. a3 Bxc3+ 6. Qxc3 0-0 7. Nf3 dxc4 8. Qxc4 b6 9. Bg5 Bb7 10. Rd1 Nbd7 11. Ne5 h6 12. Bh4 c5 13. Nxd7 Qxd7 14. Bxf6 gxf6 15. dxc5 Qc7 16. h4 Qxc5 17. Qxc5 1/2-1/2

[Event "FICGS W-ch st1 g01 email"]
[Site "FICGS email"]
[Date "2019.07.01"]
[Round "1"]
[White "Leurette, Marc Antoine"]
[Black "Wilson, Jaimie"]
[Result "0-1"]
[WhiteElo "1297"]
[BlackElo "1866"]
[PlyCount "82"]
[EventDate "2019.??.??"]
[EventType "tourn (corr)"]
[EventRounds "8"]
[SourceTitle "Corr 2022"]
[Source "ChessBase"]
[SourceDate "2021.10.24"]
[SourceVersion "1"]
[SourceVersionDate "2021.10.24"]
[SourceQuality "1"]

1. e4 c5 2. Nf3 e6 3. d4 cxd4 4. Nxd4 Nc6 5. Nc3 Qc7 6. Be3 a6 7. a3 Nf6 8. Be2 b5 9. f4 Bb7 10. e5 Nxd4 11. Bxd4 Nd5 12. Nxd5 Bxd5 13. 0-0 Bc5 14. Bxc5 Qxc5+ 15. Kh1 0-0 16. Bf3 d6 17. Bxd5 exd5 18. b4 Qc4 19. c3 dxe5 20. fxe5 Rad8 21. Qd4 Rc8 22. Rfc1 g6 23. Qxc4 Rxc4 24. Ra2 Rfc8 25. Rd1 Rxc3 26. Kg1 Rd8 27. a4 d4 28. axb5 axb5 29. Ra5 Rd5 30. Ra8+ Kg7 31. Ra7 Re3 32. Rf1 d3 33. Raxf7+ Kh6 34. Rd1 Rexe5 35. Rf2 Rd4 36. Rb2 Kg5 37. g3 Kf5 38. Rdd2 Ke4 39. Kf2 Rf5+ 40. Kg2 Ke3 41. h4 Rc4 0-1

[Event "FICGS W-ch st1 g01 email"]
[Site "FICGS email"]
[Date "2019.07.01"]
[Round "1"]
[White "Wilson, Jaimie"]
[Black "Cease, Dion"]
[Result "0-1"]
[WhiteElo "1866"]
[BlackElo "2137"]
[PlyCount "56"]
[EventDate "2019.??.??"]
[EventType "tourn (corr)"]
[EventRounds "8"]
[SourceTitle "Corr 2022"]
[Source "ChessBase"]
[SourceDate "2021.10.24"]
[SourceVersion "1"]
[SourceVersionDate "2021.10.24"]
[SourceQuality "1"]

1. c4 e6 2. Nf3 Nf6 3. Nc3 c5 4. d4 cxd4 5. Nxd4 d5 6. cxd5 Nxd5 7. Bd2 Be7 8. e4 Nxc3 9. Bxc3 0-0 10. Be2 Qb6 11. 0-0 Bf6 12. f4 Rd8 13. e5 Be7 14. Kh1 Bc5 15. Qa4 Bd7 16. Qc4 Nc6 17. Rad1 Rac8 18. Bf3 Na5 19. Qd3 Ba4 20. b3 Nc6 21. bxa4 Nxd4 22. Be4 Nf5 23. Qh3 Rxd1 24. Rxd1 Be7 25. Ba1 g6 26. Qb3 Ne3 27. Rb1 Qc5 28. h3 Qc1+ 0-1

[Event "BCF-chT2 1819 (4NCL) Demotion"]
[Site "England"]
[Date "2019.05.04"]
[Round "9.52"]
[White "Wilson, Jaimie"]
[Black "Baker, Chris W"]
[Result "0-1"]
[WhiteElo "2109"]
[BlackElo "2267"]
[PlyCount "48"]
[EventDate "2018.11.10"]
[EventType "team-tourn"]
[EventRounds "11"]
[EventCountry "ENG"]
[SourceTitle "EXT 2021"]
[Source "ChessBase"]
[SourceDate "2020.10.23"]
[SourceVersion "1"]
[SourceVersionDate "2020.10.23"]
[SourceQuality "1"]
[WhiteTeam "Wessex"]
[BlackTeam "The ADS"]
[WhiteTeamCountry "ENG"]
[BlackTeamCountry "ENG"]

1. d4 Nf6 2. c4 g6 3. Nf3 Bg7 4. Nc3 d5 5. cxd5 Nxd5 6. e3 0-0 7. Be2 c5 8. 0-0 Nc6 9. Nxd5 Qxd5 10. dxc5 Qxc5 11. Qb3 a6 12. Bd2 Be6 13. Qa4 Bxb2 14. Rab1 b5 15. Qf4 Bf6 16. Rfc1 Qf5 17. e4 Qxf4 18. Bxf4 Bxa2 19. e5 Bxb1 20. exf6 Be4 21. Rc5 exf6 22. Nd2 Nd4 23. Bf1 Bb7 24. Rc7 Bd5 0-1